000 00364nam a2200157Ia 4500
005 20250425161258.0
008 250425s9999 xx 000 0 und d
041 _aspa
082 _a581.15
245 0 _aLA INGENIERIA GENETICA Y TRANSFORMACION DE LA
250 _aS.E.
260 _aS.L.
260 _aSin Pais
_bUNIV
_c1987
942 _c01
010 _a16769
999 _c206029
_d206029